ბათუმის შოთა რუსთაველის სახელმწიფო უნივერსიტეტის ბიბლიოთეკა

ფორსაიტების საგა : ტ.1 : (ბიბ.ჩანაწერი № 40561)

000 -ლიდერი
ფიქსირებული სიგრძის საკონტროლო ველი 01447nam a2200289Ia 4500
001 - საკონტროლო ნომერი
საკონტროლო ველი 7185
003 - საკონტროლო ნომრის იდენტიფიკატორი
საკონტროლო ველი GE_BSU
005 - ბოლო ოპერაციის თარიღი და დრო
საკონტროლო ველი 20230906171644.0
008 - ფიქსირებული სიგრძის მონაცემთა ელემენტები - ზოგადი ინფორმაცია
ფიქსირებული სიგრძის საკონტროლო ველი 181216s2012||||ge |||||||||||||| ||geo||
020 ## - წიგნის საერთაშორისო სტანდარტული ნომერი
International Standard Book Number 9789941198311
040 ## - კატალოგიზაციის წყარო
Transcribing agency GE_BSU
041 ## - ენის კოდი
Language code of text/sound track or separate title geo
080 ## - უნივერსალური ათობითი კლასიფიკაციის ინდექსი
Universal Decimal Classification number 821.111-31 გ-63
100 ## - მთავარი ჩანაწერი - პიროვნების სახელი
Personal name გოლზოურთი, ჯონ
9 (RLIN) 11767
245 ## - ცნობა სათაურის შესახებ
Title ფორსაიტების საგა : ტ.1 :
Remainder of title რომანი /
Statement of responsibility, etc ჯონ მაღრაძე ; ვახტანგ ჭილაძისა და დათო აკრიანის თარგმანი ; რედ.ელენე სალარიძე.
264 ## - წარმოების, გამოცემის, დისტრიბუციის და სხვა ცნობები
გამოცემის, წარმოების, დისტრიბუციის... ადგილი თბილისი :
გამოცემის, წარმოების, დისტრიბუციის... სახელწოდება პალიტრა L,
გამოცემის, წარმოების, დისტრიბუციის... თარიღი 2012.
300 ## - ფიზიკური აღწერა
Extent 578 გვ. ;
Dimensions 22 სმ.
490 ## - სერიის ცნობა
Series statement წიგნი, რომელიც უნდა წაიკითხო,სანამ ცოცხალი ხარ
Volume number/sequential designation წ.44
International Standard Serial Number ISSN:1987-9628
653 ## - INDEX TERM--UNCONTROLLED
Uncontrolled term რომანი
653 ## - INDEX TERM--UNCONTROLLED
Uncontrolled term ფორსაიტების საგა
700 ## - ADDED ENTRY--PERSONAL NAME
Personal name მაღრაძე, ელგუჯა
Relator term მთარგმნელი
9 (RLIN) 19780
700 ## - ADDED ENTRY--PERSONAL NAME
Personal name ჭილაძე, ვახტანგ
Relator term მთარგმნელი
9 (RLIN) 11769
700 ## - ADDED ENTRY--PERSONAL NAME
Personal name აკრიანი, დათო
Relator term მთარგმნელი
9 (RLIN) 19781
700 ## - ADDED ENTRY--PERSONAL NAME
Personal name სალარიძე, ელენე
Relator term რედაქტორი
9 (RLIN) 5199
942 ## - ADDED ENTRY ELEMENTS (KOHA)
Koha item type წიგნი
Source of classification or shelving scheme
ეგზემპლარები
ჩამოწერის სტატუსი დაკარგული ეგზემპლარის სტატუსი კლასიფიკაციის წყარო ან თაროზე გაწყობის სქემა დაზიანების სტატუსი არ გაიცემა მუდმივი მდებარეობა (დაცვის ადგილი) ამჟამინდელი ადგილსამყოფელი თაროზე განთავსების ადგილი შეძენის თარიღი ღირებულება, შესყიდვის ნორმალური ფასი სრული შენახვის შიფრი შტრიხკოდი ბოლო ოპერაციის თარიღი ეგზემპლარის მიმდევრობითი ნომერი (კეტერი?) ფასის ძალაში შესვლის თარიღი ეგზემპლარის სახეობა საჯარო შენიშვნა
          ბათუმის შოთა რუსთაველის სახელმწიფო უნივერსიტეტის მთავარი ბიბლიოთეკა ბათუმის შოთა რუსთაველის სახელმწიფო უნივერსიტეტის მთავარი ბიბლიოთეკა წიგნსაცავი 2018-12-17 10.00 821.111-31 გ-63 22601 2018-12-17 22601 2018-12-17 წიგნი 10.00 ₾.
          ბათუმის შოთა რუსთაველის სახელმწიფო უნივერსიტეტის მთავარი ბიბლიოთეკა ბათუმის შოთა რუსთაველის სახელმწიფო უნივერსიტეტის მთავარი ბიბლიოთეკა წიგნსაცავი 2018-12-17 10.00 821.111-31 გ-63 22602 2018-12-17 22602 2018-12-17 წიგნი 10.00 ₾.
          ბათუმის შოთა რუსთაველის სახელმწიფო უნივერსიტეტის მთავარი ბიბლიოთეკა ბათუმის შოთა რუსთაველის სახელმწიფო უნივერსიტეტის მთავარი ბიბლიოთეკა წიგნსაცავი 2018-12-17 10.00 821.111-31 გ-63 22603 2018-12-17 22603 2018-12-17 წიგნი 10.00 ₾.